Southville International School and Colleges
Your cart is empty.
  • Cart
  • Lists
    Public lists Eva Luna New books Lux_list list_1
    Your lists Log in to create your own lists
  • Log in to your account
  • Your cookies
  • Search history
Southville International School and Colleges
  • Advanced search
  • Recent comments
  • Most popular
  • Libraries

Log in to your account

Log in with GOOGLE


If you do not have an external account, but do have a local account, you can still log in:

  1. Home
  2. MARC view: Human nature :
Normal view MARC view ISBD view

Human nature : (Record no. 1089)

[ view plain ]
MARC details
000 -LEADER
fixed length control field 01280cam a2200373 a 4500
001 - CONTROL NUMBER
control field 14067377
003 - CONTROL NUMBER IDENTIFIER
control field OSt
005 - DATE AND TIME OF LATEST TRANSACTION
control field 20140310181655.0
008 - FIXED-LENGTH DATA ELEMENTS--GENERAL INFORMATION
fixed length control field 050808s2006 enk b 001 0 eng
010 ## - LIBRARY OF CONGRESS CONTROL NUMBER
LC control number 2005022985
015 ## - NATIONAL BIBLIOGRAPHY NUMBER
National bibliography number GBA610660
Source bnb
016 7# - NATIONAL BIBLIOGRAPHIC AGENCY CONTROL NUMBER
Record control number 013370949
Source Uk
020 ## - INTERNATIONAL STANDARD BOOK NUMBER
International Standard Book Number 0826485456 (hardcover)
020 ## - INTERNATIONAL STANDARD BOOK NUMBER
International Standard Book Number 0826485464 (pbk.)
020 ## - INTERNATIONAL STANDARD BOOK NUMBER
International Standard Book Number 9780826485465
035 ## - SYSTEM CONTROL NUMBER
System control number (OCoLC)ocm61262360
040 ## - CATALOGING SOURCE
Original cataloging agency DLC
Transcribing agency DLC
Modifying agency BAKER
-- C#P
-- UKM
-- NLGGC
-- DLC
050 00 - LIBRARY OF CONGRESS CALL NUMBER
Classification number B 105.A35
Item number .H86 2006
082 00 - DEWEY DECIMAL CLASSIFICATION NUMBER
Classification number IB 128.4
Item number H88 2006
084 ## - OTHER CLASSIFICATION NUMBER
Classification number 08.36
Source of number bcl
245 00 - TITLE STATEMENT
Title Human nature :
Remainder of title fact and fiction /
Statement of responsibility, etc Wells, Robin Headlam
260 ## - PUBLICATION, DISTRIBUTION, ETC. (IMPRINT)
Place of publication, distribution, etc London ;
-- New York :
Name of publisher, distributor, etc Continuum International Pub. Group,
Date of publication, distribution, etc c2006.
300 ## - PHYSICAL DESCRIPTION
Extent xiv, 200 p. :
Dimensions 20 cm.
650 #0 - SUBJECT ADDED ENTRY--TOPICAL TERM
Topical term or geographic name as entry element Act (Philosophy)
650 #0 - SUBJECT ADDED ENTRY--TOPICAL TERM
Topical term or geographic name as entry element Human behavior
General subdivision Philosophy.
650 #0 - SUBJECT ADDED ENTRY--TOPICAL TERM
Topical term or geographic name as entry element Psychology
General subdivision Philosophy.
700 1# - ADDED ENTRY--PERSONAL NAME
Personal name Wells, Robin Headlam.
700 1# - ADDED ENTRY--PERSONAL NAME
Personal name McFadden, Johnjoe.
856 41 - ELECTRONIC LOCATION AND ACCESS
Materials specified Table of contents
Uniform Resource Identifier <a href="http://www.loc.gov/catdir/toc/ecip0517/2005022985.html">http://www.loc.gov/catdir/toc/ecip0517/2005022985.html</a>
906 ## - LOCAL DATA ELEMENT F, LDF (RLIN)
a 7
b cbc
c orignew
d 1
e ecip
f 20
g y-gencatlg
942 ## - ADDED ENTRY ELEMENTS (KOHA)
Source of classification or shelving scheme Library of Congress Classification
Koha item type Books
Holdings
Withdrawn status Lost status Source of classification or shelving scheme Damaged status Home library Current library Shelving location Date acquired Total Checkouts Full call number Barcode Date last seen Copy number Price effective from Koha item type
    Library of Congress Classification   Luxembourg Library Luxembourg Library International Baccalaureate Section 04/16/2012   B 105.A35 .H86 2006 15770 08/13/2013 1 04/16/2012 Books

Human nature :

APA

Wells R. H., McFadden J., . (2006). Human nature. London: Continuum International Pub. Group.

Chicago

Wells Robin Headlam, McFadden Johnjoe, . 2006. Human nature. London: Continuum International Pub. Group.

Harvard

Wells R. H., McFadden J., . (2006). Human nature. London: Continuum International Pub. Group.

MLA

Wells Robin Headlam, McFadden Johnjoe, . Human nature. London: Continuum International Pub. Group. 2006.

  • Place hold
  • Print
  • Cite
  • Add to your cart (remove)
  • Save record
    BIBTEX Dublin Core MARCXML MARC (non-Unicode/MARC-8) MARC (Unicode/UTF-8) MARC (Unicode/UTF-8, Standard) MODS (XML) RIS
  • More searches
    Search for this title in:
    Other Libraries (WorldCat) Other Databases (Google Scholar) Online Stores (Bookfinder.com) Open Library (openlibrary.org)

Exporting to Dublin Core...

SOUTHVILLE LIBRARY

Southville International School and Colleges Library

1281 Tropical Ave. Cor. Luxembourg St., BF Homes International, Las Pinas City

Tel. No. 8256374 / 252358 Loc. 117/146

Powered by Koha